| 000 | 01490nam a2200289Ia 4500 | ||
|---|---|---|---|
| 999 |
_c37966 _d37966 |
||
| 001 | 3948 | ||
| 003 | GE_BSU | ||
| 005 | 20190916155143.0 | ||
| 008 | 181216s1983||||ge |||||||||||||| ||geo|| | ||
| 040 | _cGE_BSU | ||
| 041 | _ageo | ||
| 080 | _a327(479.22)(092)+341.7(438) ზ–44 | ||
| 100 |
_aზედგინიძე, გურამ _94025 |
||
| 245 |
_aბოგდან გურჯიცკი დიპლომატიურ ასპარეზზე / _cრედ. ნ. ასათიანი. |
||
| 264 |
_aთბ. : _bთბილ. უნ-ტის გამ-ბა, _c1983. |
||
| 300 |
_a193 გვ. ; _b21 სმ. |
||
| 501 | _aპირთა საძიებელი: გვ. 192-194. | ||
| 504 | _a ბიბლიოგრ. ტექსტის შენიშვნებში. | ||
| 520 | _a რეზ. რუს., ინგლ. და პოლონ. ენებზე. | ||
| 600 |
_aგურჯიცკი ბოგდან _94028 |
||
| 653 | _aქართველი დიპლომატები | ||
| 653 | _aპოლონეთის ელჩები | ||
| 653 | _aსაქართველოს ისტორია | ||
| 653 | _aსაქართველო-პოლონეთის დიპლომატიური ურთიერთობები; პოლონეთის ისტორია | ||
| 700 |
_aასათიანი, ნ. _eრედაქტორი _91535 |
||
| 942 |
_cBK _2udc |
||